• 首页
  • 本馆介绍
  • 公告通知
  • 最新文献
  • 馆藏检索
  • 电子资源
  • 读者导购
  • 参考咨询
  • 我的图书馆
  • 登录
  • 详细信息显示
  • 放入我的书架
  • 预约/预借图书
  • 作者相关作品
  • 分类相关作品
  • 丛书相关作品
  • 出版社相关作品

书目信息

  • 表格格式
  • 工作单格式
  • 卡片格式
题名:
通信线路实训教程
    
 
作者: 叶柏林 , 马列 主编
分册:  
出版信息: 北京   人民邮电出版社  2006
页数: 158页
开本: 26cm
丛书名:
单 册:
中图分类: TN913.3
科图分类:
主题词: 通信线路--高等教育--教材
电子资源:
ISBN: 7-115-14864-3
000 00968nam0 2200289 450
001 012004066381
005 20070807163044.42
009 012004066381
010    @a7-115-14864-3@dCNY16.00
035    @a(110019)012006081436
100    @a20060901d2006 em y0chiy0110 ea
101 0  @achi
102    @aCN@b110000
105    @ay z 000yy
106    @ar
200 1  @a通信线路实训教程@Atong shen xian lu shi xun jiao cheng@f叶柏林, 马列主编@Fye bai lin , ma lie zhu bian
210    @a北京@c人民邮电出版社@d2006
215    @a158页@d26cm
300    @a21世纪高职高专通信教材
330    @a本书主要介绍全塑电缆的色谱识别、放音对号及测量检验方法,全塑电缆的扣式接续、模块接续和接头热缩套管保护的操作方法、步骤,综合布线系统的测试等。
606 0  @a通信线路@x高等教育@j教材
690    @aTN913.3@v4
701  0 @a叶柏林@Aye bo lin@4主编
701  0 @a马列@Ama lie@4主编
801  0 @aCN@b110019@c20070807
801  2 @aCN@b110019@c20060901
905    @dTN913.3@e68@f1
    
    通信线路实训教程/叶柏林, 马列主编.-北京:人民邮电出版社,2006
    158页;26cm
    21世纪高职高专通信教材
    
    ISBN 7-115-14864-3:CNY16.00
    本书主要介绍全塑电缆的色谱识别、放音对号及测量检验方法,全塑电缆的扣式接续、模块接续和接头热缩套管保护的操作方法、步骤,综合布线系统的测试等。
●
相关链接 在E读中查询图书 在五车中查询图书 在当当中查询图书 在豆瓣中查询图书


正题名:通信线路实训教程     索取号:TN913.3/68         预约/预借

序号 登录号 条形码 馆藏地/架位号 状态 备注
1 0854146   208541461   第二样本阅览室/ [索取号:TN913.3/68] 在馆    
唐山师范学院图书馆 欢迎您!
大连网信软件有限公司© 版权所有